| 000 | 00676nam a2200229 a 4500 | ||
|---|---|---|---|
| 005 | 20210219152939.0 | ||
| 008 | 991125n 000 0 eng u | ||
| 035 | _aUPN01000068263 | ||
| 100 | 1 | _aZakriski, Audrey L | |
| 222 | _aCHILD DEVELOPMENT | ||
| 245 | _aA comparison of aggressive rejected and nonaggressive rejected children's interpretation of self-directed and other directed rejection | ||
| 260 | _aEUA | ||
| 300 | _a1048-1070 | ||
| 362 | 0 | _a1996 Vol. 67, no. 3, june | |
| 653 | 0 | _aADOLESCENCIA | |
| 653 | 0 | _aAGRESIVIDAD | |
| 653 | 0 | _aDIFERENCIAS SEXUALES | |
| 700 | 1 | _aCoie, John D., | |
| 700 | 1 | _ecoaut. | |
| 904 |
_aAC _b006074 |
||
| 905 | _aArticulo | ||
| 999 |
_c64458 _d64458 |
||